ბათუმის შოთა რუსთაველის სახელმწიფო უნივერსიტეტის ბიბლიოთეკა

Avantgarde und Moderne 1890-1933 / (ბიბ.ჩანაწერი № 62143)

000 -LEADER
fixed length control field 00684nam a22001937a 4500
005 - DATE AND TIME OF LATEST TRANSACTION
control field 20240723120514.0
008 - FIXED-LENGTH DATA ELEMENTS--GENERAL INFORMATION
fixed length control field 240723s2010 ge ||||| |||| 00| 0 ger d
020 ## - INTERNATIONAL STANDARD BOOK NUMBER
International Standard Book Number 9783476023124
041 ## - LANGUAGE CODE
Language code of text/sound track or separate title geo
080 ## - UNIVERSAL DECIMAL CLASSIFICATION NUMBER
Universal Decimal Classification number 821.112.2 F-23
100 ## - MAIN ENTRY--PERSONAL NAME
Personal name Fähnders, Walter
Dates associated with a name Author
9 (RLIN) 22904
245 ## - TITLE STATEMENT
Title Avantgarde und Moderne 1890-1933 /
Statement of responsibility, etc. Walter Fähnders
250 ## - EDITION STATEMENT
Edition statement 2.aktualis. u. erw. Aufl View all formats and editions
264 ## - PRODUCTION, PUBLICATION, DISTRIBUTION, MANUFACTURE, AND COPYRIGHT NOTICE
Place of production, publication, distribution, manufacture Stuttgart:
Name of producer, publisher, distributor, manufacturer Verlag, J.B. Metzler,
Date of production, publication, distribution, manufacture, or copyright notice 2010.
300 ## - PHYSICAL DESCRIPTION
Extent 350 p.:
Other physical details 23cm.
653 ## - INDEX TERM--UNCONTROLLED
keyword Avantgarde Avantgardeliteratur Deutsch Geschichte 1890-1933 Lehrbuch
653 ## - INDEX TERM--UNCONTROLLED
keyword გერმანული ლიტერატურა
942 ## - ADDED ENTRY ELEMENTS (KOHA)
Source of classification or shelving scheme
Koha item type წიგნი
ეგზემპლარები
Withdrawn status Lost status Source of classification or shelving scheme Damaged status Not for loan Permanent Location Current Location Shelving location Date acquired Cost, normal purchase price Full call number Barcode Date last seen Copy number Price effective from Koha item type Public note
          ბათუმის შოთა რუსთაველის სახელმწიფო უნივერსიტეტის მთავარი ბიბლიოთეკა ბათუმის შოთა რუსთაველის სახელმწიფო უნივერსიტეტის მთავარი ბიბლიოთეკა წიგნსაცავი 2024-07-23 141.00 821.112.2 F-23 68820 2024-07-23 68820 2024-07-23 წიგნი 141.00